[Event "Eastern Asia-ch U16"]
[Site "Tornelo INT"]
[Date "2021.10.31"]
[Round "8"]
[White "Huynh, Kim Son"]
[Black "Cheah, Zong Ze"]
[Result "0-1"]
[WhiteElo "1287"]
[BlackElo "1366"]
[PlyCount "226"]
[EventDate "2021.10.29"]
[EventType "swiss"]
[EventRounds "9"]
[EventCountry "NET"]
[SourceTitle "CBM 205 Extra"]
[Source "ChessBase"]
[SourceDate "2022.01.31"]
[SourceVersion "1"]
[SourceVersionDate "2022.01.31"]
[SourceQuality "1"]

1. e4 c5 2. Nf3 d6 3. d4 cxd4 4. Nxd4 Nf6 5. Nc3 g6 6. Be3 Bg7 7. Bc4 0-0 8. h3 Nc6 9. Bb3 Qa5 10. 0-0 Bd7 11. Re1 Qc7 12. Qd2 Ne5 13. Bh6 Nc4 14. Bxc4 Qxc4 15. Bxg7 Kxg7 16. e5 dxe5 17. Rxe5 e6 18. Rd1 Rfd8 19. a3 Qc7 20. Qe3 Bc6 21. g4 h6 22. Rd2 Ne4 23. Rxe4 Bxe4 24. Qxe4 e5 25. Nb3 Rxd2 26. Nxd2 Rd8 27. Nc4 f6 28. Ne3 Qb6 29. Qb4 Qxb4 30. axb4 Rd4 31. b5 Rb4 32. b3 Rd4 33. Kf1 Kf7 34. Ke2 Ke6 35. Na4 b6 36. c3 Rd7 37. c4 f5 38. Nc3 e4 39. Ned5 Ke5 40. Ke3 Rf7 41. gxf5 gxf5 42. Nb4 f4+ 43. Ke2 Kd4 44. Ncd5 Kc5 45. Nc6 Kd6 46. Nc3 a6 47. Nxe4+ Kc7 48. Nc3 axb5 49. Nxb5+ Kxc6 50. Kf3 Kc5 51. Nc3 Rf8 52. Nd5 b5 53. Nxf4 bxc4 54. bxc4 Kxc4 55. Ke4 Rf6 56. Ke5 Rb6 57. f3 Rb3 58. Ke4 Rb1 59. h4 Re1+ 60. Kf5 Rg1 61. Ne6 Kd3 62. f4 Ke3 63. h5 Kf3 64. Ng5+ Kg3 65. Ne4+ Kh4 66. Nf6 Rg2 67. Ke6 Re2+ 68. Kf5 Rf2 69. Ke5 Re2+ 70. Kd5 Kg3 71. f5 Kf4 72. Ng8 Kxf5 73. Nxh6+ Kg5 74. Nf7+ Kxh5 75. Nd6 Kg5 76. Ne4+ Kf4 77. Nc3 Rd2+ 78. Ke6 Rd3 79. Nd5+ Ke4 80. Nf6+ Kd4 81. Ng4 Rg3 82. Kf5 Rf3+ 83. Ke6 Rf4 84. Nf6 Rf1 85. Nh5 Rh1 86. Ng3 Rh3 87. Nf5+ Ke4 88. Nd6+ Kf4 89. Kd5 Rd3+ 90. Kc5 Ke5 91. Nc4+ Ke6 92. Nb2 Rd2 93. Na4 Ke5 94. Nb6 Rc2+ 95. Kb5 Kd4 96. Nd7 Rc4 97. Nf6 Rc5+ 98. Kb4 Rc6 99. Ng4 Rb6+ 100. Ka5 Kc5 101. Nf2 Rb1 102. Ne4+ Kd4 103. Nd2 Rb2 104. Nf3+ Ke4 105. Ng5+ Kf5 106. Nf3 Ra2+ 107. Kb4 Kf4 108. Nd4 Ke5 109. Nf3+ Kd5 110. Kb3 Re2 111. Ng5 Re5 112. Nf7 Re7 113. Ng5 Rg7 0-1

[Event "VIE-ch U13"]
[Site "Hai Phong"]
[Date "2018.07.08"]
[Round "3"]
[White "Huynh, Kim Son"]
[Black "Tran, Hai Duc"]
[Result "1-0"]
[WhiteElo "1821"]
[BlackElo "1840"]
[PlyCount "43"]
[EventDate "2018.07.07"]
[EventType "swiss"]
[EventRounds "9"]
[EventCountry "VIE"]
[SourceTitle "EXT 2019"]
[Source "ChessBase"]
[SourceDate "2018.10.10"]
[SourceVersion "1"]
[SourceVersionDate "2018.10.10"]
[SourceQuality "1"]

1. e4 d6 2. d4 g6 3. Nc3 Bg7 4. Be3 Nf6 5. f3 Nbd7 6. Qd2 0-0 7. g4 c6 8. Nge2 e5 9. g5 Nh5 10. d5 c5 11. Ng3 Nxg3 12. hxg3 Re8 13. Bb5 a6 14. Bxd7 Bxd7 15. Qh2 f6 16. Qxh7+ Kf7 17. Rh6 Rh8 18. Qxg6+ Kf8 19. gxf6 Qxf6 20. Rxh8+ Bxh8 21. Bh6+ Ke7 22. Bg5 1-0

[Event "VIE-chT"]
[Site "Ho Chi Minh City"]
[Date "2017.07.28"]
[Round "8.45"]
[White "Huynh, Kim Son"]
[Black "Nguyen, Dang Bao"]
[Result "0-1"]
[WhiteElo "2000"]
[BlackElo "2033"]
[PlyCount "90"]
[EventDate "2017.07.24"]
[EventType "team-swiss"]
[EventRounds "9"]
[EventCountry "VIE"]
[SourceTitle "EXT 2019"]
[Source "ChessBase"]
[SourceDate "2018.10.10"]
[SourceVersion "1"]
[SourceVersionDate "2018.10.10"]
[SourceQuality "1"]

1. e4 e5 2. Nf3 Nc6 3. Bc4 Bc5 4. c3 Nf6 5. 0-0 d6 6. d4 Bb6 7. dxe5 Nxe5 8. Nxe5 dxe5 9. Qxd8+ Kxd8 10. Bxf7 Nxe4 11. Bd5 Nf6 12. Bf3 e4 13. Rd1+ Ke7 14. Re1 Bf5 15. Nd2 Kf7 16. Bd1 Rhe8 17. Nc4 Kf8 18. Nxb6 axb6 19. Bf4 Nd5 20. Bg3 Re7 21. Bb3 Nf6 22. Rad1 Bg6 23. Rd4 Bf7 24. Bxf7 Kxf7 25. a3 Rae8 26. Kf1 h6 27. h3 g5 28. Rd2 e3 29. fxe3 Ne4 30. Rf2+ Nxf2 31. Kxf2 Kg6 32. e4 Rxe4 33. Rxe4 Rxe4 34. Bxc7 b5 35. Bb8 h5 36. g3 g4 37. h4 Kf6 38. Bf4 Ke6 39. Bh6 Kd5 40. b3 Re6 41. Bg7 Ra6 42. Ke3 Ke6 43. Kf4 Kf7 44. Be5 Kg6 45. Ke4 Rxa3 0-1

[Event "VIE-chT"]
[Site "Ho Chi Minh City"]
[Date "2017.07.28"]
[Round "7.38"]
[White "Tran, Dinh Dang Khoa"]
[Black "Huynh, Kim Son"]
[Result "1-0"]
[WhiteElo "2016"]
[BlackElo "2000"]
[PlyCount "51"]
[EventDate "2017.07.24"]
[EventType "team-swiss"]
[EventRounds "9"]
[EventCountry "VIE"]
[SourceTitle "EXT 2019"]
[Source "ChessBase"]
[SourceDate "2018.10.10"]
[SourceVersion "1"]
[SourceVersionDate "2018.10.10"]
[SourceQuality "1"]

1. e4 c5 2. Nc3 d6 3. g3 Nf6 4. Bg2 Nc6 5. Nge2 e6 6. d3 Be7 7. Be3 Bd7 8. h3 Rb8 9. Qd2 0-0 10. 0-0 b5 11. f4 b4 12. Nd1 e5 13. f5 Nd4 14. g4 Bc6 15. Nxd4 cxd4 16. Bg5 d5 17. Nf2 dxe4 18. Bxf6 Bxf6 19. Nxe4 Be7 20. f6 Bd6 21. fxg7 Kxg7 22. Rf6 Bxe4 23. Qh6+ Kg8 24. Bxe4 Re8 25. Qxh7+ Kf8 26. Qxf7# 1-0

[Event "VIE-chT"]
[Site "Ho Chi Minh City"]
[Date "2017.07.26"]
[Round "4.51"]
[White "Huynh, Kim Son"]
[Black "Nguyen, Minh Dat"]
[Result "1-0"]
[WhiteElo "2000"]
[BlackElo "2028"]
[PlyCount "37"]
[EventDate "2017.07.24"]
[EventType "team-swiss"]
[EventRounds "9"]
[EventCountry "VIE"]
[SourceTitle "EXT 2019"]
[Source "ChessBase"]
[SourceDate "2018.10.10"]
[SourceVersion "1"]
[SourceVersionDate "2018.10.10"]
[SourceQuality "1"]

1. e4 c5 2. Nf3 d6 3. d4 cxd4 4. Nxd4 Nf6 5. Nc3 g6 6. Be3 Bg7 7. f3 Nc6 8. Qd2 0-0 9. Bc4 Ne5 10. Bb3 a6 11. h4 Nfd7 12. h5 b5 13. hxg6 Nxg6 14. Bh6 Nb6 15. Bxg7 Kxg7 16. Qh6+ Kf6 17. g4 e6 18. Nc6 Qc7 19. g5# 1-0